Energy Demand and Comparison of Current Defrosting Technologies of Frozen Raw Materials in Defrosting Tunnels
Popis existujúceho rozmrazovacieho tunela. Rozmrazovacie tunely využívajúce konvekčnú metódu. Tunely využívajúce energiu žiarenia. Popis metódy. Aplikácia metódy. Výsledky a diskusia. Kalkulácia ekonomickej návratnosti nových investícií.
Uložené v:
| Hlavný autor: | |
|---|---|
| Ďalší autori: | , |
| Médium: | Kapitola |
| Jazyk: | English |
| Predmet: | |
| Tagy: |
Žiadne tagy, Buďte prvý, kto otaguje tento záznam!
|
MARC
| LEADER | 00000naa a2200000 4500 | ||
|---|---|---|---|
| 001 | 0117708 | ||
| 005 | 20240502083306.0 | ||
| 041 | 0 | |a eng | |
| 044 | |a SE | ||
| 245 | 1 | 0 | |a Energy Demand and Comparison of Current Defrosting Technologies of Frozen Raw Materials in Defrosting Tunnels |c Marek Bežovský, Michal Stričík, Mária Praščáková |
| 520 | |a Popis existujúceho rozmrazovacieho tunela. Rozmrazovacie tunely využívajúce konvekčnú metódu. Tunely využívajúce energiu žiarenia. Popis metódy. Aplikácia metódy. Výsledky a diskusia. Kalkulácia ekonomickej návratnosti nových investícií. | ||
| 610 | 2 | 0 | |a mraziarne |
| 610 | 2 | 0 | |a tunely |
| 610 | 2 | 0 | |a technológie nové |
| 610 | 2 | 0 | |a spotreba energie |
| 610 | 2 | 0 | |a investície |
| 610 | 2 | 0 | |a metódy |
| 100 | 1 | |a Bežovský, Marek | |
| 700 | 1 | |a Stričík, Michal, 1969- | |
| 700 | 1 | |a Praščáková, Mária | |